Prezentačné zručnosti
Salvato in:
| Autore principale: | |
|---|---|
| Ente Autore: | |
| Altri autori: | , |
| Natura: | Libro |
| Lingua: | slovacco |
| Pubblicazione: |
Bratislava
Vydavateľstvo EKONÓM
2021
|
| Edizione: | 1.vydanie |
| Soggetti: | |
| Tags: |
Nessun Tag, puoi essere il primo ad aggiungerne!!
|
MARC
| LEADER | 00000nam a2200000 4500 | ||
|---|---|---|---|
| 001 | 0277258 | ||
| 005 | 20240502074324.2 | ||
| 020 | |a 978-80-225-4812-0 | ||
| 041 | 0 | |a slo | |
| 044 | |a SK | ||
| 245 | 1 | 0 | |a Prezentačné zručnosti |c Ladislav Pasiar ; recenzenti: Andrea Čonková, Martin Droščák |
| 250 | |a 1.vydanie | ||
| 264 | 1 | |a Bratislava |b Vydavateľstvo EKONÓM |c 2021 | |
| 300 | |a 99 s. [7,232 AH] | ||
| 610 | 2 | 0 | |a prezentácia |
| 610 | 2 | 0 | |a zručnosti |
| 610 | 2 | 0 | |a príprava informačná |
| 610 | 2 | 0 | |a komunikácia verbálna |
| 610 | 2 | 0 | |a komunikácia neverbálna |
| 610 | 2 | 0 | |a prejavy |
| 610 | 2 | 0 | |a prostriedky audiovizuálne |
| 610 | 2 | 0 | |a pomôcky pracovné |
| 100 | 1 | |a Pasiar, Ladislav, 1984- | |
| 700 | 1 | |a Čonková, Andrea, 1982- | |
| 700 | 1 | |a Droščák, Martin | |
| 710 | 2 | |a Ekonomická univerzita v Bratislave. Národohospodárska fakulta | |